Hướng dẫn thực hành Microsoft Money 2000 toàn tập : (Giải thích bằng hình ảnh) /

Gespeichert in:
Bibliographische Detailangaben
1. Verfasser: Hồ Tấn Mẫn
Format: Buch
Sprache:Vietnamese
Veröffentlicht: TN 2000
Tags: Tag hinzufügen
Keine Tags, Fügen Sie den ersten Tag hinzu!
Thư viện lưu trữ: Mạng thư viện Đại học Đà Nẵng
LEADER 00674nam a2200265 4500
001 000027523
003 HT00N
005 20150406120000.0
008 150406s vm 000 vie
020 |c 0,0000 
040 |a notts 
100 |a Hồ Tấn Mẫn 
245 |a Hướng dẫn thực hành Microsoft Money 2000 toàn tập : (Giải thích bằng hình ảnh) /  |c Hồ Tấn Mẫn. 
260 |b TN  |c 2000 
OWN |a LTT 
999 |a From the UDN01 
TYP |a Monograph 
TYP |a Printed language 
980 |a Mạng thư viện Đại học Đà Nẵng